Quizzes
Events
Quiz Creation
Community
Videos
Private Events
Remove Ads
Sign In
Join for FREE
Feedback
Dark Mode
Quiz Categories
Sports
Geography
Music
Movies
Television
Just For Fun
Miscellaneous
History
Literature
Language
Science
Gaming
Entertainment
Religion
Holiday
For Kids
Quiz Lab
Recent
Popular Today
Quiz Kudos Today
Editor Picks
Curator Picks
Quizzes by...
Day
Popularity
Type
Ratings
Length
Year
Community
Subscriptions
Recent Discussions
Orange Saloon
Badges
Playlists
Quests
Create
Leaderboards
Showdown
Live 5
Trivia Bingo
Activity
Puzzle Library
Sporcle Events
Private Events
Virtual Trivia
Globe League
Become a Host
Pub Owners
SporcleCon
Opinionation
Our Games
Videos
Blog
Mobile Apps
Partnerships
Remove Ads and Go Orange
Feedback
Music
Pop Music
The Beatles
Song
Album
Lyrics
Bands
Singers
Artist
Clip
Rock
Rap
Classical
Billboard
Country Music
Kpop
Taylor Swift
Music
Pop Music
The Beatles
Song
Album
Lyrics
Bands
Singers
Artist
Clip
Rock
Rap
Classical
Billboard
Country Music
Kpop
Taylor Swift
Random Quiz
Search Sporcle
×
Quiz Lab
Quiz Lab
Music
Kpop
Type answers based on single images at one time
Type answers based on single images at one time
Slideshow
Best Score? Go Orange.
KPOP Groups By Slideshow Stats
Can you name these KPOP groups by slideshow?
By
xxxjennypark94
10m
62 Questions
833 Plays
833 Plays
833 Plays
Comments
Comments
Give Quiz Kudos
Give Quiz Kudos
-
- Ratings
hide this ad
No Peeking
Image is hidden before quiz starts
Image is hidden before quiz starts
Replay
Link that replays current quiz
Next Quiz
Link to next quiz in quiz playlist
You Got
0%
They Got
Avg Score
62%
Avg Friend Score
Upgrade to see
Score Distribution
Jump to the score distribution portion of the page
Score
0/62
Timer
10:00
0
Plays Today
% Correct
SHINee
95.1%
Super Junior
93.2%
SNSD
89.2%
EXO
88%
GOT7
85.1%
SISTAR
84.8%
TVXQ
84.5%
Twice
82.5%
Infinite
82.2%
GFriend
82.1%
f(x)
81.8%
BIGBANG
81.6%
VIXX
81.3%
BTS
80.9%
Block B
80.2%
Astro
80.1%
2PM
79.8%
BTOB
79%
iKON
76.4%
B1A4
76.2%
Seventeen
76.2%
Monsta X
74.9%
EXID
74.8%
BLACKPINK
74.5%
Red Velvet
73.8%
Teen Top
73.7%
BEAST
72.5%
NCT
70.8%
Wonder Girls
70.3%
Pentagon
68.3%
AOA
67%
% Correct
CNBLUE
65.5%
B.A.P
65.4%
CLC
63.3%
Cosmic Girls
62.1%
Boyfriend
61.8%
Winner
61.2%
DAY6
58.5%
Girl's Day
58.2%
Ladies' Code
58%
Oh My Girl
55.9%
ZE:A
55.8%
Up10tion
54%
SF9
53.4%
T-ara
53.1%
KNK
52.5%
Brown Eyed Girls
51.1%
Apink
50.3%
Gugudan
49.3%
Lovelyz
44.8%
Crayon Pop
43.3%
Topp Dogg
40.7%
Laboum
37%
DIA
34.8%
Dal Shabet
34.7%
SPICA
30.3%
Hello Venus
29.2%
Victon
24%
IMFACT
24%
April
23.8%
ROMEO
21.5%
Sonamoo
14.4%
Quiz Playlist
Details
Report
Send in Message
Add To Playlist
Slideshow:
Type answers based on single images at one time
No Peeking:
Image is hidden before quiz starts
Last Updated: Mar 17, 2017
Quiz Scoreboard
CHALLENGE
Sign Up to Join the Scoreboard
Show All
Scores
Hide
Comments
May contain spoilers
Recently Published
College Basketball Coaching Resumes
by pancakes188
Sports
9m
Billboard Blitz: Fleetwood Mac
by CooCooCachoo
Music
15s
Presidents Visiting Landmarks
by Hejman
History
7m
More to Explore
Quiz From the Vault
Featured Blog Post
Where Did the Easter Bunny Come From?
hide this ad
You Might Also Like...
Tags
Kpop Quiz
Kpop Quiz
Today's Top Quizzes in Music
Browse Music
hide this ad
Today's Top Quizzes in Kpop
Browse Kpop
Top Contributed Quizzes in Music
1
Taylor Swift All Songs (2024)
2
Guess the Artist- 70s Songs
3
7-to-1: Billboard Hot 100 #1 Hits of 2010s
4
Sorting Albums and Songs
5
Taylor Swift Logic Puzzle
6
KPOP LOGIC QUIZ
7
One Thing in Common: Music
8
Guess the Taylor Swift song (Mystery Song)
9
2010s Album by Cover III
10
Guess The Taylor Swift Lyrics Song #1
Explore More
Trending Topics
Marvel
Disney
Harry Potter
Crossword
Kpop
NBA
Anime
Song
Soccer
Pokémon
NFL
Country
WWE
The Office
Puzzle
hide this ad
More By:
xxxjennypark94
Quiz
Plays
Rating
Category
Featured
Created
NCT: Oldest to Youngest
74,085
4.15
Music
Mar 27, 2018
EXO or BTS or GOT7
24,859
4.43
Music
Nov 3, 2016
K-Dramas Title Endings
20,161
4.27
Television
Nov 17, 2016
KPOP leaders who are not the oldest of the group
16,591
4.44
Music
Mar 3, 2017
7-members KPOP Groups
11,789
4.36
Music
Apr 12, 2017
Go to Creator's Profile
Score Distribution
Quiz Creator Spotlight
xxxjennypark94
Follow
Send a Message
Quizzes Created
-
Created Quiz Play Count
-
More By This Creator
Popular Quizzes Today
1
Find the US States - No Outlines Minefield
2
Find the Countries of Europe - No Outlines Minefield
3
The Countries of the World
4
Find the US States
5
Risky Map Clicking: Biggest States A-Z
6
US States
7
Popular People in 1961
8
Movies - When Are They Set?
More Music Quizzes
The Best Song on Map of the Soul: 7
Quiz Lab
Trending Quizzes
Risky Map Clicking: Least Populous States A-Z
1-10 Letter G Words
1-10 Letter F Words
Risky Map Clicking: Next State Alphabetically
Click the Washington State Counties! (Map)
Recently Updated
Leaping Animals
pecheneg
Reality TV Shows (A-Z)
bhenderson79
Rickey Henderson's Hall of Fame Teammates
pecheneg
Champions League XIs: Arsenal
pecheneg
Quick Pick: Celebrities in WWE's Hall of Fame
aduchscher
A-Z Keypad Blitz II
pecheneg
Multiple Oscar Actors
pecheneg
Mystery Phrase Blitz: Oscar 'Best Actors'
pecheneg
F. Scott Fitzgerald Novels
LTH
Pick 3 Villains
ddd62291
Trending Topics
Marvel
Harry Potter
Crossword
Disney
Anime
NBA
Kpop
Pokémon
NFL
Puzzle
The Office
Soccer
WWE
Song
Country
Your Account Isn't Verified!
In order to create a playlist on Sporcle, you need to verify the email address you used during registration. Go to your
Sporcle Settings
to finish the process.
Report this User
Report this user for behavior that violates our
Community Guidelines
.
Details:
Send Report
Go to the Sporcle.com Mobile Site →
Comments